书目信息 |
| 题名: |
戈尔巴乔夫出山前后
|
|
| 作者: | 巴特森 著 ;何力 译 | |
| 分册: | ||
| 出版信息: | 北京 新华出版社 1987.07 |
|
| 页数: | 229页 | |
| 开本: | 20cm | |
| 丛书名: | ||
| 单 册: | ||
| 中图分类: | D751.20 | |
| 科图分类: | ||
| 主题词: | 政治 | |
| 电子资源: | ||
| ISBN: | 7-5011-0062-4 | |
| 000 | 00609nam0 2200205 45 | |
| 001 | 0404281561 | |
| 005 | 20040428151503.1 | |
| 010 | @a7-5011-0062-4@dCNY2.00 | |
| 100 | @a20040428d1987 km y0chiy0120 ea | |
| 101 | 0 | @achi |
| 105 | @a z 000yy | |
| 200 | 1 | @a戈尔巴乔夫出山前后@AGe Er Ba Qiao Fu Chu Shan Qian Hou@f托马斯·巴特森等著@FTuo Ma Si·Ba Te Sen Deng Zhu@g何力译 |
| 210 | @a北京@c新华出版社@d1987.07 | |
| 215 | @a229页@d20cm | |
| 606 | 0 | @a政治 |
| 690 | @aD751.20@v3 | |
| 701 | 0 | @a巴特森@4著 |
| 702 | 0 | @a何力@AHe Li@4译 |
| 801 | @aCN@bPftUser@c20040428 | |
| 905 | @f2@b214098-099@dD751.20@e133 | |
| 戈尔巴乔夫出山前后/托马斯·巴特森等著/何力译.-北京:新华出版社,1987.07 |
| 229页;20cm |
| ISBN 7-5011-0062-4:CNY2.00 |
| ● |
| 相关链接 |
|
|
|
|
正题名:戈尔巴乔夫出山前后
索取号:D751.20/133
 
预约/预借
| 序号 | 登录号 | 条形码 | 馆藏地/架位号 | 状态 | 备注 |
| 1 | 0214098 | 001012807 | 第一借阅区/ [索取号:D751.20/133] | 在馆 | |
| 2 | 0214099 | 001012790 | 第一借阅区/ [索取号:D751.20/133] | 在馆 |